000 00704nam a2200229 a 4500
999 _c3181
_d3181
001 3181
003 BD-JhCC
005 20171112103349.0
008 171111s1985 bg a|||| ||a| 000 0 ben d
035 _a(BD-JhCC)3181
040 _aBD-JhCC
_dBD-JhCC
041 _aben
082 _a796.332
_bRIT 1985
100 _aরিটন, লুৎফর রহমান
245 _aফুটবল /
_cলুৎফর রহমান রিটন
260 _aঢাকা :
_bবাংলা একাডেমী,
_c1985.
300 _a94 p. :
_c18 cm.
490 _aSeries in honour of the Martyrs of the Language Movement of February 1952.
650 _aFootball
942 _2ddc
_cBK